Làm phim với 3ds max @ : từ ý tưởng đến thành phẩm /

Đã lưu trong:
Chi tiết về thư mục
Tác giả chính: Lưu Triều Nguyên
Định dạng: Sách
Ngôn ngữ:Vietnamese
Được phát hành: Lao động xã hội 2006
Các nhãn: Thêm thẻ
Không có thẻ, Là người đầu tiên thẻ bản ghi này!
Thư viện lưu trữ: Mạng thư viện Đại học Đà Nẵng
LEADER 00725nam a2200265 4500
001 000027711
003 LP3DS
005 20150403120000.0
008 150403s vm 000 vie
020 |c 0,0000 
040 |a notts 
100 |a Lưu Triều Nguyên 
245 |a Làm phim với 3ds max @ : từ ý tưởng đến thành phẩm /  |c Lưu Triều Nguyên (chủ biên), Nguyễn Văn Hùng, Hoàng Đức Hải. 
260 |b Lao động xã hội  |c 2006 
OWN |a LTT 
999 |a From the UDN01 
TYP |a Monograph 
TYP |a Printed language 
980 |a Mạng thư viện Đại học Đà Nẵng